logo

Bir Sreshtho Munshi Abdur Rouf Library
Jhenaidah Cadet College

Earth Science / (Record no. 1984)

MARC details
000 -LEADER
fixed length control field 00650nam a2200241 a 4500
001 - CONTROL NUMBER
JCCL Control Number 1984
003 - CONTROL NUMBER IDENTIFIER
JCCL marc code BD-JhCC
005 - DATE AND TIME OF LATEST TRANSACTION
control field 20171028101036.0
008 - FIXED-LENGTH DATA ELEMENTS--GENERAL INFORMATION
fixed length control field 171028s1983 n a|||| || | 001 0 eng d
035 ## - SYSTEM CONTROL NUMBER
system control number (BD-JhCC)1984
040 ## - CATALOGING SOURCE
Original cataloging agency BD-JhCC
Modifying agency BD-JhCC
041 ## - LANGUAGE CODE
Language code of Book eng
082 ## - DEWEY DECIMAL CLASSIFICATION NUMBER
Classification number 550
Author mark and Year PAS 1983
100 ## - MAIN ENTRY--PERSONAL NAME
Personal name Pasachoff, Jay M.
245 ## - TITLE STATEMENT
Title Earth Science /
Statement of responsibility, etc Jay M. Pasachoff; Naomi Pasachoff and Timothy M. Cooney.
260 ## - PUBLICATION, DISTRIBUTION, ETC. (IMPRINT)
Place of publication, distribution, etc New York :
Name of publisher, distributor, etc Scott Foresman and Company,
Date of publication, distribution, etc 1983
300 ## - PHYSICAL DESCRIPTION
Pagination 498 p. :
Dimensions 24 cm.
650 ## - SUBJECT ADDED ENTRY--TOPICAL TERM
Topical term or geographic name as entry element Earth Science
700 ## - ADDED ENTRY--PERSONAL NAME
Personal name Pasachoff, Naomi
700 ## - ADDED ENTRY--PERSONAL NAME
Personal name Cooney, Timothy M.
942 ## - ADDED ENTRY ELEMENTS (KOHA)
Source of classification or shelving scheme Dewey Decimal Classification
Koha item type Books
Holdings
Source of classification or shelving scheme Damaged status Not for loan Home library Current library Shelving location Source of acquisition Total Checkouts Full call number Barcode Date last seen Copy number Koha item type
Dewey Decimal Classification     JCC Rouf Library JCC Rouf Library General Stacks The Asia Foundation   550 PAS 1983 2633 10/28/2017 C-1 Books

JCC Library | Contacts | JCC Home

Last Update on 23 September 2017
Copyright @ 2017-2020 JCC Rouf Library
Rouf Library, Jhenidah Cadet College (JCC), Bangladesh